000 00644nam a2200181Ia 4500
008 090630s9999 xx 000 0 und d
082 _b20621
100 _aपुंडलिक शास्त्री.
245 _aकालसर्प योग.
_cपुंडलिक शास्त्री.
260 _bअनिकेत - पुणे.
_c2001
300 _a16
600 _aपुंडलिक शास्त्री.
630 _aकालसर्प योग.
655 _aइतर.
700 _aपुंडलिक शास्त्री.
730 _aकालसर्प योग.
942 _cBOOK
999 _c272477
_d272477